00398pab a2200121 454500008004000000100002500040245012200065260000900187300001100196362000900207650001200216773004800228180718b1989 xxu||||| |||| 00| 0 eng d aSanford, Jonathan E. aThe world bank and povertybA review of the evidence on whether the agency has diminished emphasis on aid to the poor c1989 a151-64 aApr. aPoverty aAmerican Journal of Economics and Sociology